00315pab a2200121 454500008004000000100001800040245005800058260000900116300001000125362000900135650002100144773002800165180718b1986 xxu||||| |||| 00| 0 eng d aHatcher, John aMortality in the fifteenth centurybSome new evidence c1986 a19-38 aFeb. aVital Statistics aEconomic History Review